000 00429nam a2200181Ia 4500
001 13454
005 20260306164802.0
008 260306t2005||||xx |||||||||||||| ||spa||
041 _aESP
082 _a004.21
_bK31
100 _aKendall, Kenneth E.
_eAUT
245 0 _aAnálisis y diseño de sistemas
260 _c2005
300 _a752 páginas :
_c27 cm.
650 _aGEN
654 _aCCC
942 _cLIB
_dJUS
_fJUS
_2ddc
_n
999 _c13454
_d13454